000 00233nam a22000857a 4500
008 161017b xxu||||| |||| 00| 0 eng d
100 _9880
_aNCERT
245 _aSyllabus for classes at the elementary level
260 _aNew Delhi
_bNCERT
_c2007
999 _c3531
_d3531